[Event "FRA-chT Top 16 Gp Basse"]
[Site "Chartres"]
[Date "2022.06.18"]
[Round "3.4"]
[White "Auvray, Juliette"]
[Black "Jaouen, Valentin"]
[Result "1-0"]
[WhiteElo "1970"]
[BlackElo "2121"]
[PlyCount "61"]
[EventDate "2022.06.16"]
[EventType "team-tourn"]
[EventRounds "4"]
[EventCountry "FRA"]
[SourceTitle "CBM 208 Extra"]
[Source "ChessBase"]
[SourceDate "2022.07.31"]
[SourceVersion "1"]
[SourceVersionDate "2022.07.31"]
[SourceQuality "1"]
[WhiteTeam "Paris Club 608"]
[BlackTeam "Echiquier de l'Erdre"]
[WhiteTeamCountry "FRA"]
[BlackTeamCountry "FRA"]

1. e4 c6 2. d4 d5 3. Nc3 dxe4 4. Nxe4 Nf6 5. Nxf6+ exf6 6. Be3 Bd6 7. Bd3 0-0 8. Qd2 Re8 9. 0-0-0 Nd7 10. Ne2 a5 11. g4 Nb6 12. g5 Nd5 13. gxf6 Qxf6 14. Bg5 Qe6 15. Rde1 Nb4 16. Nc3 Nxd3+ 17. cxd3 Qd7 18. Rxe8+ Qxe8 19. Ne4 Qe6 20. Re1 Bb4 21. Nc3 Qd7 22. Qf4 b5 23. a3 Bd6 24. Qh4 Bb7 25. Ne4 Kh8 26. Nxd6 Qxd6 27. Re7 f6 28. Qe4 fxg5 29. Re8+ Qf8 30. Rxf8+ Rxf8 31. Qe7 1-0

[Event "FRA-chT Top 16 GpA"]
[Site "Chartres"]
[Date "2022.06.13"]
[Round "5.4"]
[White "Auvray, Juliette"]
[Black "Schippke, Manon"]
[Result "1/2-1/2"]
[WhiteElo "1970"]
[BlackElo "2120"]
[PlyCount "59"]
[EventDate "2022.06.09"]
[EventType "team-tourn"]
[EventRounds "7"]
[EventCountry "FRA"]
[SourceTitle "CBM 208 Extra"]
[Source "ChessBase"]
[SourceDate "2022.07.31"]
[SourceVersion "1"]
[SourceVersionDate "2022.07.31"]
[SourceQuality "1"]
[WhiteTeam "Paris Club 608"]
[BlackTeam "Metz Fischer"]
[WhiteTeamCountry "FRA"]
[BlackTeamCountry "FRA"]

1. e4 c5 2. Nf3 e6 3. d4 cxd4 4. Nxd4 Nc6 5. Nc3 Qc7 6. Be2 a6 7. Be3 Nf6 8. 0-0 Be7 9. Kh1 0-0 10. f4 d6 11. Bd3 Nxd4 12. Bxd4 e5 13. Be3 Be6 14. Qf3 exf4 15. Bxf4 Nd7 16. Qg3 Ne5 17. Rad1 Ng6 18. Nd5 Bxd5 19. exd5 Nxf4 20. Qxf4 g6 21. Rf3 f5 22. Rg3 Bf6 23. Qxf5 Be5 24. Qe6+ Qf7 25. Rf3 Qxe6 26. Rxf8+ Kxf8 27. dxe6 Ke7 28. Bc4 Bxb2 29. Rf1 Bf6 30. Bd5 1/2-1/2

[Event "FRA-chT Top 16 GpA"]
[Site "Chartres"]
[Date "2022.06.09"]
[Round "1.3"]
[White "Daulyte Cornette, Deimante"]
[Black "Auvray, Juliette"]
[Result "1-0"]
[WhiteElo "2384"]
[BlackElo "1970"]
[PlyCount "69"]
[EventDate "2022.06.09"]
[EventType "team-tourn"]
[EventRounds "7"]
[EventCountry "FRA"]
[SourceTitle "CBM 208 Extra"]
[Source "ChessBase"]
[SourceDate "2022.07.31"]
[SourceVersion "1"]
[SourceVersionDate "2022.07.31"]
[SourceQuality "1"]
[WhiteTeam "Chartres"]
[BlackTeam "Paris Club 608"]
[WhiteTeamCountry "FRA"]
[BlackTeamCountry "FRA"]

1. e4 c5 2. Nf3 d6 3. Nc3 Nf6 4. e5 dxe5 5. Nxe5 a6 6. g3 g6 7. Bg2 Bg7 8. 0-0 0-0 9. a4 Qc7 10. Re1 e6 11. d3 Nh5 12. Qe2 Nc6 13. Nxc6 bxc6 14. Ne4 Qb6 15. a5 Qa7 16. Be3 Bd4 17. c3 Bxe3 18. Qxe3 Qc7 19. Nxc5 Rb8 20. b4 Nf6 21. Rab1 Nd5 22. Qd2 e5 23. c4 Nf6 24. Qg5 Nd7 25. Nxd7 Qxd7 26. Qxe5 Bb7 27. d4 Rbd8 28. Rbd1 Rfe8 29. Qf6 Qc7 30. h4 h5 31. g4 hxg4 32. h5 gxh5 33. Qg5+ Kf8 34. Qxh5 f6 35. Qh8+ 1-0

[Event "FRA-chT Top 12 (Women) GpA"]
[Site "Mulhouse"]
[Date "2022.04.09"]
[Round "4.3"]
[White "Auvray, Juliette"]
[Black "Le Bail, Clara"]
[Result "1/2-1/2"]
[WhiteElo "1976"]
[BlackElo "1960"]
[PlyCount "68"]
[EventDate "2022.04.07"]
[EventType "team-tourn"]
[EventRounds "5"]
[EventCountry "FRA"]
[SourceTitle "CBM 207 Extra"]
[Source "ChessBase"]
[SourceDate "2022.05.31"]
[SourceVersion "1"]
[SourceVersionDate "2022.05.31"]
[SourceQuality "1"]
[WhiteTeam "Paris Club 608 (W)"]
[BlackTeam "Lesparre Medoc (W)"]
[WhiteTeamCountry "FRA"]
[BlackTeamCountry "FRA"]

1. e4 e6 2. d4 d5 3. Nc3 Nf6 4. Bg5 dxe4 5. Nxe4 Be7 6. Bxf6 gxf6 7. Nf3 f5 8. Nc3 a6 9. Qe2 b5 10. 0-0-0 b4 11. Na4 Qd5 12. Qc4 Qxc4 13. Bxc4 Nd7 14. Rhe1 0-0 15. d5 Nc5 16. Nxc5 Bxc5 17. Rd2 Bd6 18. Rde2 exd5 19. Bxd5 Rb8 20. Ne5 Kg7 21. Bc4 Rb6 22. f4 f6 23. Nd3 Bb7 24. g3 Bf3 25. Re3 Be4 26. R3e2 Rc6 27. b3 Rd8 28. Nf2 Bf3 29. Re3 Bg2 30. Re6 a5 31. Rg1 Bf3 32. Re3 Bh5 33. Nd3 Bf8 34. Rge1 Bd6 1/2-1/2

[Event "FRA-chT Top 12 (Women) GpB"]
[Site "Cesson Sevigne"]
[Date "2021.08.26"]
[Round "1.2"]
[White "Auvray, Juliette"]
[Black "Sebag, Marie"]
[Result "0-1"]
[WhiteElo "2004"]
[BlackElo "2447"]
[PlyCount "74"]
[EventDate "2021.08.26"]
[EventType "team-tourn"]
[EventRounds "3"]
[EventCountry "FRA"]
[SourceTitle "CBM 204 Extra"]
[Source "ChessBase"]
[SourceDate "2021.11.30"]
[SourceVersion "1"]
[SourceVersionDate "2021.11.30"]
[SourceQuality "1"]
[WhiteTeam "Paris Club 608 (W)"]
[BlackTeam "Bischwiller (W)"]
[WhiteTeamCountry "FRA"]
[BlackTeamCountry "FRA"]

1. e4 c5 2. Nf3 d6 3. d4 cxd4 4. Nxd4 Nf6 5. Nc3 a6 6. f3 e5 7. Nb3 Be6 8. Be3 h5 9. Qd2 Nbd7 10. Nd5 Bxd5 11. exd5 g6 12. Be2 Bg7 13. c4 b6 14. 0-0 0-0 15. Rac1 Rc8 16. Na1 a5 17. a3 a4 18. Qb4 Nc5 19. Bxc5 bxc5 20. Qxa4 e4 21. Qc2 exf3 22. Bxf3 Rb8 23. Rb1 Ng4 24. Bxg4 hxg4 25. Kh1 Qh4 26. g3 Qh3 27. Rg1 Rfe8 28. b4 cxb4 29. Rxb4 Ra8 30. a4 Re3 31. Rb3 Re5 32. Ra3 Rae8 33. Qg2 Qxg2+ 34. Kxg2 Re2+ 35. Kh1 Bd4 36. Rf1 Re1 37. Rxe1 Rxe1+ 0-1

[Event "FRA-chT Top 12"]
[Site "Chalons en Champagne"]
[Date "2021.07.02"]
[Round "9.1"]
[White "Auvray, Juliette"]
[Black "Guichard, Pauline"]
[Result "1-0"]
[WhiteElo "2010"]
[BlackElo "2413"]
[PlyCount "100"]
[EventDate "2021.06.24"]
[EventType "team-tourn"]
[EventRounds "11"]
[EventCountry "FRA"]
[SourceTitle "CBM 203 Extra"]
[Source "ChessBase"]
[SourceDate "2021.09.30"]
[SourceVersion "1"]
[SourceVersionDate "2021.09.30"]
[SourceQuality "1"]
[WhiteTeam "Paris Club 608"]
[BlackTeam "Asnieres"]
[WhiteTeamCountry "FRA"]
[BlackTeamCountry "FRA"]

1. e4 e5 2. Nf3 Nc6 3. d4 exd4 4. Bc4 Nf6 5. 0-0 Nxe4 6. Re1 d5 7. Bxd5 Qxd5 8. Nc3 Qh5 9. Nxe4 Be6 10. Bg5 Bd6 11. Nxd6+ cxd6 12. Bf4 Qd5 13. c3 Qf5 14. cxd4 0-0 15. Bxd6 Rfd8 16. Bg3 Rd5 17. Qb3 Rb5 18. Qc3 Rd8 19. b3 f6 20. Rab1 Qd5 21. Re3 Bg4 22. a4 Rb4 23. Rbe1 Bxf3 24. Rxf3 Qxd4 25. h3 Qxc3 26. Rxc3 Kf7 27. Ree3 Rd1+ 28. Kh2 h5 29. Rcd3 Rxd3 30. Rxd3 Rd4 31. Rxd4 Nxd4 32. b4 a6 33. Bd6 Ne2 34. g3 Nc3 35. a5 Ne4 36. Bc7 Nxf2 37. Kg2 Nd3 38. Bd6 Ke6 39. Bf8 g5 40. Kf3 Kd5 41. Be7 Ne5+ 42. Ke3 Ke6 43. Bc5 Nc6 44. Ke4 Ne5 45. Ke3 f5 46. Bd4 Ng6 47. Kf3 h4 48. Be3 hxg3 49. Bxg5 f4 50. Bd8 Kf5 1-0

[Event "FRA-chT Top 12"]
[Site "Chalons en Champagne"]
[Date "2021.06.29"]
[Round "6.3"]
[White "Maisuradze, Nino"]
[Black "Auvray, Juliette"]
[Result "0-1"]
[WhiteElo "2251"]
[BlackElo "2010"]
[PlyCount "76"]
[EventDate "2021.06.24"]
[EventType "team-tourn"]
[EventRounds "11"]
[EventCountry "FRA"]
[SourceTitle "CBM 203 Extra"]
[Source "ChessBase"]
[SourceDate "2021.09.30"]
[SourceVersion "1"]
[SourceVersionDate "2021.09.30"]
[SourceQuality "1"]
[WhiteTeam "Bischwiller"]
[BlackTeam "Paris Club 608"]
[WhiteTeamCountry "FRA"]
[BlackTeamCountry "FRA"]

1. d4 Nf6 2. Nf3 c5 3. e3 g6 4. Bd3 Bg7 5. c3 d6 6. 0-0 Nbd7 7. e4 e5 8. dxe5 dxe5 9. Na3 0-0 10. Nc4 Qc7 11. a4 b6 12. Bg5 Bb7 13. Nfd2 h6 14. Bh4 a6 15. Ne3 Bc6 16. c4 Nh5 17. Nd5 Qb7 18. Ra3 Nf4 19. Nb1 Bxd5 20. cxd5 b5 21. axb5 axb5 22. Rb3 Nxd3 23. Qxd3 Rfb8 24. Qc2 g5 25. Bg3 c4 26. Ra3 Bf8 27. Rxa8 Rxa8 28. Nd2 Ra2 29. Qc3 f6 30. b3 b4 31. Qc1 c3 32. Nc4 Nc5 33. Qb1 Qa6 34. d6 c2 35. Qe1 Nd3 36. Qe3 Ra1 37. Qxd3 c1Q 38. Qd5+ Kg7 0-1

[Event "FRA-chT Top 12"]
[Site "Chalons en Champagne"]
[Date "2021.06.25"]
[Round "2.2"]
[White "Janzelj, Lara"]
[Black "Auvray, Juliette"]
[Result "1-0"]
[WhiteElo "2185"]
[BlackElo "2010"]
[PlyCount "59"]
[EventDate "2021.06.24"]
[EventType "team-tourn"]
[EventRounds "11"]
[EventCountry "FRA"]
[SourceTitle "CBM 203 Extra"]
[Source "ChessBase"]
[SourceDate "2021.09.30"]
[SourceVersion "1"]
[SourceVersionDate "2021.09.30"]
[SourceQuality "1"]
[WhiteTeam "Grasse Echecs"]
[BlackTeam "Paris Club 608"]
[WhiteTeamCountry "FRA"]
[BlackTeamCountry "FRA"]

1. d4 Nf6 2. c4 c5 3. d5 b5 4. cxb5 a6 5. e3 e6 6. dxe6 fxe6 7. Nc3 d5 8. Nf3 c4 9. bxa6 Nxa6 10. Be2 Nc5 11. 0-0 Be7 12. Rb1 Nfe4 13. Nxe4 Nxe4 14. Qc2 Rxa2 15. Bxc4 dxc4 16. Qxe4 Qd5 17. Qg4 0-0 18. e4 Qb5 19. e5 Bc5 20. Ng5 Qb6 21. Qh4 h6 22. Ne4 Bd4 23. Qg3 Kh7 24. h4 Ra5 25. Bf4 Bb7 26. Nd2 Bd5 27. b3 c3 28. Nc4 Bxc4 29. bxc4 Qc7 30. Qd3+ 1-0

[Event "FRA-chT Top 12"]
[Site "Chalons en Champagne"]
[Date "2021.06.24"]
[Round "1.2"]
[White "Mouhamad, Joachin"]
[Black "Auvray, Juliette"]
[Result "1-0"]
[WhiteElo "2239"]
[BlackElo "2010"]
[PlyCount "77"]
[EventDate "2021.06.24"]
[EventType "team-tourn"]
[EventRounds "11"]
[EventCountry "FRA"]
[SourceTitle "CBM 203 Extra"]
[Source "ChessBase"]
[SourceDate "2021.09.30"]
[SourceVersion "1"]
[SourceVersionDate "2021.09.30"]
[SourceQuality "1"]
[WhiteTeam "Clichy Echecs 92"]
[BlackTeam "Paris Club 608"]
[WhiteTeamCountry "FRA"]
[BlackTeamCountry "FRA"]

1. e4 c5 2. Nf3 d6 3. d4 cxd4 4. Nxd4 Nf6 5. Nc3 g6 6. Be3 Bg7 7. f3 a6 8. Qd2 h5 9. 0-0-0 b5 10. Kb1 Bb7 11. a3 Nbd7 12. Be2 Rc8 13. g3 Nc5 14. h3 Ba8 15. g4 Qc7 16. g5 Nfd7 17. Nd5 Bxd5 18. exd5 Nb6 19. Nb3 Nxb3 20. cxb3 0-0 21. Ka2 Qb7 22. f4 Rc7 23. Qd3 Rfc8 24. Rd2 Nxd5 25. Rf1 Nxe3 26. Qxe3 Rc5 27. f5 gxf5 28. g6 Re5 29. gxf7+ Kxf7 30. Qg5 e6 31. Rg1 Kf8 32. Bxh5 Rec5 33. Rdg2 R5c7 34. h4 a5 35. Bd1 a4 36. h5 axb3+ 37. Bxb3 d5 38. h6 Be5 39. Qe3 1-0

[Event "FRA-chT Top 12 final (Women)"]
[Site "Lyon"]
[Date "2015.06.27"]
[Round "1.3"]
[White "Richard, Emma"]
[Black "Auvray, Juliette"]
[Result "1-0"]
[WhiteElo "2059"]
[BlackElo "2005"]
[PlyCount "73"]
[EventDate "2015.06.27"]
[EventType "team-k.o."]
[EventRounds "2"]
[EventCountry "FRA"]
[SourceTitle "CBM 167 Extra"]
[Source "ChessBase"]
[SourceDate "2015.09.14"]
[SourceVersion "1"]
[SourceVersionDate "2015.09.14"]
[SourceQuality "1"]
[WhiteTeam "Mulhouse Philidor (W)"]
[BlackTeam "Clichy Echecs 92 (W)"]
[WhiteTeamCountry "FRA"]
[BlackTeamCountry "FRA"]

1. b3 e5 2. Bb2 d6 3. e3 Be6 4. Qe2 c6 5. g3 Nf6 6. Bg2 Be7 7. d3 Qc7 8. Nf3 h6 9. Nbd2 a5 10. a4 0-0 11. 0-0 Nfd7 12. d4 Na6 13. Rfd1 Nb4 14. dxe5 dxe5 15. Nc4 Bf6 16. e4 b5 17. axb5 cxb5 18. Ne3 Qb7 19. c3 Na6 20. Rxa5 Bxb3 21. Rda1 Ba4 22. Bf1 Qc7 23. R1xa4 bxa4 24. Rxa6 Qb7 25. Ba3 Rfc8 26. Rxa8 Rxa8 27. Nd2 Bg5 28. Nf5 Qc7 29. Nc4 Nc5 30. h4 Bf6 31. Qe3 Ne6 32. Nb6 Ra7 33. Nd5 Qb7 34. Nxh6+ gxh6 35. Nxf6+ Kg7 36. Nh5+ Kh7 37. Bc1 1-0

[Event "FRA-chT GpA (Women)"]
[Site "Montpellier"]
[Date "2015.05.10"]
[Round "7.1"]
[White "Auvray, Juliette"]
[Black "Alexieva, Silvia"]
[Result "0-1"]
[WhiteElo "2003"]
[BlackElo "2306"]
[PlyCount "84"]
[EventDate "2015.05.07"]
[EventType "team-tourn"]
[EventRounds "7"]
[EventCountry "FRA"]
[SourceTitle "CBM 166 Extra"]
[Source "ChessBase"]
[SourceDate "2015.06.18"]
[SourceVersion "1"]
[SourceVersionDate "2015.06.18"]
[SourceQuality "1"]
[WhiteTeam "Clichy Echecs 92 (W)"]
[BlackTeam "Montpellier (W)"]
[WhiteTeamCountry "FRA"]
[BlackTeamCountry "FRA"]

1. e4 g6 2. d4 Bg7 3. Nc3 c6 4. h3 d6 5. Nf3 Nf6 6. Be2 0-0 7. 0-0 Nbd7 8. e5 dxe5 9. Nxe5 Nxe5 10. dxe5 Nd5 11. Nxd5 cxd5 12. f4 Qb6+ 13. Kh1 Rd8 14. Bd3 Bd7 15. Qe2 e6 16. c3 Bf8 17. h4 a6 18. a4 a5 19. h5 d4 20. cxd4 Qxd4 21. Be3 Qb4 22. Rf3 Bc6 23. Rh3 Rxd3 24. hxg6 hxg6 25. Qxd3 Bxg2+ 26. Kxg2 Qxb2+ 27. Bf2 Qxa1 28. Qd7 Qb1 29. Rd3 Ra6 30. Qd8 Rc6 31. Re3 Qb4 32. Qh4 Qe7 33. Qh3 Rc2 34. Re1 Qc5 35. Qh4 Qd5+ 36. Kh2 Qd2 37. Rf1 Bc5 38. Kg1 b6 39. Qg3 Bxf2+ 40. Rxf2 Qxf2+ 41. Qxf2 Rxf2 42. Kxf2 Kf8 0-1

[Event "Agneaux St Lo op 16th"]
[Site "Agneaux"]
[Date "2014.07.09"]
[Round "5"]
[White "Macon, Arthur"]
[Black "Auvray, Juliette"]
[Result "1-0"]
[WhiteElo "2154"]
[BlackElo "2018"]
[PlyCount "55"]
[EventDate "2014.07.06"]
[EventType "swiss"]
[EventRounds "9"]
[EventCountry "FRA"]
[SourceTitle "EXT 2015"]
[Source "ChessBase"]
[SourceDate "2014.11.20"]
[SourceVersion "1"]
[SourceVersionDate "2014.11.20"]
[SourceQuality "1"]

1. d4 Nf6 2. c4 c5 3. d5 b5 4. cxb5 a6 5. bxa6 g6 6. Nc3 Bxa6 7. Nf3 Bg7 8. g3 0-0 9. Bg2 d6 10. Rb1 Nbd7 11. 0-0 Nb6 12. Ne1 Bc4 13. b3 Ba6 14. Bb2 Qd7 15. Nc2 Rfb8 16. Re1 Ng4 17. h3 Nf6 18. e4 Nh5 19. Kh2 Rf8 20. f4 Qa7 21. Qd2 Nd7 22. Bf3 f5 23. exf5 Rae8 24. fxg6 hxg6 25. Qe3 Bh6 26. Bxh5 gxh5 27. Qe6+ Kh7 28. Qe4+ 1-0

[Event "Avoine op 27th"]
[Site "Avoine"]
[Date "2012.07.28"]
[Round "8"]
[White "Auvray, Juliette"]
[Black "Come, Alexandre"]
[Result "1-0"]
[WhiteElo "1941"]
[BlackElo "2204"]
[PlyCount "61"]
[EventDate "2012.07.21"]
[EventType "swiss"]
[EventRounds "9"]
[EventCountry "FRA"]
[SourceTitle "CBM 149 Extra"]
[Source "ChessBase"]
[SourceDate "2012.08.24"]
[SourceVersion "1"]
[SourceVersionDate "2012.08.24"]
[SourceQuality "1"]

1. e4 c5 2. Nf3 e6 3. d4 cxd4 4. Nxd4 a6 5. Bd3 Bc5 6. Nb3 Ba7 7. Qg4 Nf6 8. Qe2 d6 9. c4 Qc7 10. Nc3 Nbd7 11. 0-0 0-0 12. Bg5 Re8 13. Kh1 b6 14. f4 Bb7 15. Rae1 e5 16. f5 Rac8 17. Rf3 Bc6 18. Rg3 b5 19. cxb5 axb5 20. Bh6 g6 21. fxg6 fxg6 22. Bxb5 d5 23. exd5 Nxd5 24. Nxd5 Bxd5 25. Qd3 Qd6 26. Rd1 Bd4 27. Nxd4 exd4 28. Rg4 Nf6 29. Rxg6+ Kf7 30. Bxe8+ Rxe8 31. Rg7+ 1-0

[Event "Agneaux St Lo op-B 14th"]
[Site "Agneaux"]
[Date "2012.07.08"]
[Round "2.1"]
[White "Auvray, Juliette"]
[Black "Meurs, Tom WA"]
[Result "0-1"]
[WhiteElo "1941"]
[BlackElo "2235"]
[PlyCount "84"]
[EventDate "2012.07.08"]
[EventType "swiss"]
[EventRounds "8"]
[EventCountry "FRA"]
[SourceTitle "EXT 2014"]
[Source "ChessBase"]
[SourceDate "2013.11.20"]
[SourceVersion "1"]
[SourceVersionDate "2013.11.20"]
[SourceQuality "1"]

1. e4 e5 2. Nf3 Nc6 3. d4 exd4 4. Bc4 Bc5 5. c3 Nf6 6. e5 d5 7. Bb5 Ne4 8. cxd4 Bb6 9. Nc3 0-0 10. Bxc6 bxc6 11. Be3 f5 12. Qb3 Kh8 13. Nxe4 dxe4 14. Ng5 Ba5+ 15. Kd1 Qe7 16. f4 exf3 17. Nxf3 f4 18. Bd2 Bb6 19. Qb4 c5 20. Qa3 Bg4 21. Rc1 c6 22. dxc5 Bc7 23. Kc2 Bf5+ 24. Kd1 Rfd8 25. Re1 Rd5 26. Qb4 g5 27. Nd4 Bg4+ 28. Kc2 Rad8 29. Nb3 Bf5+ 30. Kd1 Qe8 31. Rc4 Rxe5 32. Rxe5 Bxe5 33. Kc1 Bd3 34. Rc3 Kg8 35. Na5 Bxc3 36. Qxc3 Qe6 37. b3 Be4 38. Nb7 Rd3 39. Qb4 Qe5 40. Kd1 Qa1+ 41. Ke2 Rd4 42. Qc3 Bd3+ 0-1

[Event "FRA-ch U18 Girls"]
[Site "Montlucon"]
[Date "2011.04.24"]
[Round "9"]
[White "Thuret, Marine"]
[Black "Auvray, Juliette"]
[Result "1/2-1/2"]
[WhiteElo "1909"]
[BlackElo "2001"]
[PlyCount "95"]
[EventDate "2011.04.17"]
[EventType "swiss"]
[EventRounds "9"]
[EventCountry "FRA"]
[SourceTitle "CBM 142 Extra"]
[Source "ChessBase"]
[SourceDate "2011.06.27"]
[SourceVersion "1"]
[SourceVersionDate "2011.06.27"]
[SourceQuality "1"]

1. b3 e5 2. Bb2 d6 3. e3 Be6 4. d4 exd4 5. Bxd4 Nc6 6. Bb5 Bd7 7. Bb2 Qg5 8. Be2 Ne5 9. g3 Qe7 10. Nf3 0-0-0 11. Nbd2 Bc6 12. 0-0 Nf6 13. Qe1 h5 14. Nxe5 dxe5 15. Nc4 Nd7 16. Qa5 Kb8 17. Nxe5 Nxe5 18. Qxe5 f6 19. Qxe7 Bxe7 20. Rad1 Bd6 21. h4 Rh6 22. Ba3 g5 23. Rd4 Kc8 24. Bxd6 Rxd6 25. Rfd1 Kd7 26. Rxd6+ cxd6 27. Rd4 Rh8 28. Kf1 Ke7 29. b4 a6 30. c4 b6 31. Ke1 Be8 32. hxg5 fxg5 33. Rd2 Rg8 34. c5 dxc5 35. bxc5 Bf7 36. Rd5 Kf6 37. f4 gxf4 38. gxf4 bxc5 39. Rxc5 h4 40. Rc6+ Kf5 41. Rh6 Bxa2 42. Bxa6 Kg4 43. Kf2 Bd5 44. Be2+ Kh3 45. Bf1+ Kg4 46. Be2+ Kh3 47. Bf1+ Kg4 48. Be2+ 1/2-1/2

[Event "FRA-ch U18 Girls"]
[Site "Montlucon"]
[Date "2011.04.22"]
[Round "7"]
[White "Sadoune, Emilie"]
[Black "Auvray, Juliette"]
[Result "0-1"]
[WhiteElo "1539"]
[BlackElo "2001"]
[PlyCount "38"]
[EventDate "2011.04.17"]
[EventType "swiss"]
[EventRounds "9"]
[EventCountry "FRA"]
[SourceTitle "CBM 142 Extra"]
[Source "ChessBase"]
[SourceDate "2011.06.27"]
[SourceVersion "1"]
[SourceVersionDate "2011.06.27"]
[SourceQuality "1"]

1. e4 c5 2. c3 d5 3. exd5 Qxd5 4. d4 Nf6 5. Nf3 Bg4 6. Be2 e6 7. Bf4 Nc6 8. dxc5 Bxc5 9. 0-0 0-0 10. Nbd2 Rfd8 11. h3 Bh5 12. Nb3 Bb6 13. Qc2 e5 14. c4 Qe4 15. Qxe4 Nxe4 16. c5 Nxc5 17. Nxc5 Bxc5 18. Bg3 e4 19. Bh4 exf3 0-1

[Event "FRA-ch U18 Girls"]
[Site "Montlucon"]
[Date "2011.04.17"]
[Round "1"]
[White "Abidi, Ines"]
[Black "Auvray, Juliette"]
[Result "1/2-1/2"]
[WhiteElo "1677"]
[BlackElo "2001"]
[PlyCount "84"]
[EventDate "2011.04.17"]
[EventType "swiss"]
[EventRounds "9"]
[EventCountry "FRA"]
[SourceTitle "CBM 142 Extra"]
[Source "ChessBase"]
[SourceDate "2011.06.27"]
[SourceVersion "1"]
[SourceVersionDate "2011.06.27"]
[SourceQuality "1"]

1. d4 Nf6 2. c4 e6 3. Nf3 Bb4+ 4. Bd2 Qe7 5. g3 0-0 6. Bg2 Bxd2+ 7. Nbxd2 d6 8. 0-0 e5 9. dxe5 dxe5 10. Ng5 Nbd7 11. Qc2 h6 12. Nge4 Nxe4 13. Bxe4 Nf6 14. Bg2 c6 15. Rfd1 Bg4 16. Nf1 Bh5 17. Ne3 Rad8 18. Rxd8 Rxd8 19. Rd1 Bg6 20. Rxd8+ Qxd8 21. Qd1 Qd4 22. Qxd4 exd4 23. Nf1 Ne4 24. Bxe4 Bxe4 25. Nd2 Bf5 26. Nb3 d3 27. exd3 Bxd3 28. Nd2 Kf8 29. Kg2 Ke7 30. Kf3 Kd6 31. Ke3 Bf5 32. Ne4+ Bxe4 33. Kxe4 Kc5 34. Kd3 f5 35. h4 g5 36. hxg5 hxg5 37. f4 gxf4 38. gxf4 b5 39. cxb5 cxb5 40. Kc3 Kd5 41. Kd3 a5 42. b3 b4 1/2-1/2

[Event "Breizh Masters (Women)"]
[Site "Guingamp"]
[Date "2011.03.08"]
[Round "5"]
[White "Auvray, Juliette"]
[Black "Fomichenko, Svetlana"]
[Result "1/2-1/2"]
[WhiteElo "2001"]
[BlackElo "2243"]
[PlyCount "102"]
[EventDate "2011.03.04"]
[EventType "tourn"]
[EventRounds "9"]
[EventCountry "FRA"]
[SourceTitle "EXT 2012"]
[Source "ChessBase"]
[SourceDate "2011.11.24"]
[SourceVersion "1"]
[SourceVersionDate "2011.11.24"]
[SourceQuality "1"]

1. e4 c5 2. Nf3 Nc6 3. d4 cxd4 4. Nxd4 e5 5. Nb5 d6 6. N1c3 a6 7. Na3 b5 8. Nd5 Nce7 9. Bg5 Rb8 10. c4 f6 11. Be3 Nxd5 12. Qxd5 b4 13. Nc2 Ne7 14. Qd3 f5 15. f3 fxe4 16. fxe4 Ng6 17. Be2 Be7 18. 0-0 Bf6 19. Rad1 0-0 20. Qxd6 Qxd6 21. Rxd6 b3 22. axb3 Rxb3 23. Rb6 Rxb6 24. Bxb6 Nf4 25. Bf3 Be6 26. Ne3 Rc8 27. Rc1 Rc6 28. c5 Nd3 29. Rc2 Be7 30. Nd5 Bxc5+ 31. Rxc5 Rxc5 32. Bxc5 Nxc5 33. Nb4 Bd7 34. Be2 Bc8 35. Nc6 Bb7 36. Nxe5 Nxe4 37. Bf3 Nd6 38. Bxb7 Nxb7 39. Kf2 Kf8 40. Ke3 Ke7 41. Kd4 Ke6 42. Nc6 Kd6 43. Ne5 Nd8 44. Nd3 Ne6+ 45. Kc4 Kc6 46. Nb4+ Kb6 47. Nd5+ Kc6 48. Ne7+ Kd6 49. Nd5 Kc6 50. Nb4+ Kb6 51. Nd5+ Kc6 1/2-1/2

[Event "Rohde op 10th"]
[Site "Sautron"]
[Date "2010.10.25"]
[Round "4"]
[White "Auvray, Juliette"]
[Black "Rouillon, Robin"]
[Result "1-0"]
[WhiteElo "2002"]
[BlackElo "1749"]
[PlyCount "57"]
[EventDate "2010.10.23"]
[EventType "swiss"]
[EventRounds "9"]
[EventCountry "FRA"]
[SourceTitle "EXT 2012"]
[Source "ChessBase"]
[SourceDate "2011.11.24"]
[SourceVersion "1"]
[SourceVersionDate "2011.11.24"]
[SourceQuality "1"]

1. e4 c6 2. d4 d5 3. Nc3 dxe4 4. Nxe4 Bf5 5. Ng3 Bg6 6. Bc4 e6 7. h4 h6 8. N1e2 Nf6 9. Nf4 Bh7 10. c3 Bd6 11. Be3 0-0 12. Qd2 Nbd7 13. 0-0-0 Qa5 14. a3 Nd5 15. Nfh5 Nxe3 16. fxe3 Qc7 17. Ne2 b5 18. Bd3 Bxd3 19. Qxd3 a5 20. e4 Rfc8 21. e5 Bf8 22. Rdf1 c5 23. Qf3 cxd4 24. Qxf7+ Kh8 25. Nxd4 Qxe5 26. Qxd7 Qxh5 27. Nxe6 b4 28. Rxf8+ Rxf8 29. Qxg7# 1-0

[Event "Rennes op 3th"]
[Site "Rennes"]
[Date "2010.07.21"]
[Round "8"]
[White "Auvray, Juliette"]
[Black "Piankov, Evgenij"]
[Result "1/2-1/2"]
[WhiteElo "1990"]
[BlackElo "2324"]
[PlyCount "139"]
[EventDate "2010.07.17"]
[EventType "swiss"]
[EventRounds "9"]
[EventCountry "FRA"]
[SourceTitle "EXT 2011"]
[Source "ChessBase"]
[SourceDate "2010.11.26"]
[SourceVersion "1"]
[SourceVersionDate "2010.11.26"]
[SourceQuality "1"]

1. e4 g6 2. d4 Bg7 3. Nc3 c6 4. Nf3 d5 5. h3 Nh6 6. Bf4 0-0 7. Qd2 dxe4 8. Nxe4 Nf5 9. c3 Nd6 10. Bd3 Nxe4 11. Bxe4 Nd7 12. Bh6 Nf6 13. Bc2 Qd5 14. Bxg7 Kxg7 15. Qg5 h6 16. Qe5 Qxe5+ 17. Nxe5 Be6 18. 0-0 Rfd8 19. f4 Bf5 20. Bb3 Nd5 21. Rae1 a5 22. g4 Bc8 23. Bc2 h5 24. f5 gxf5 25. gxf5 Kf6 26. Kh2 c5 27. Bd1 cxd4 28. Bxh5 Ne3 29. Rf3 Nxf5 30. Nxf7 Rd5 31. cxd4 Rxd4 32. Ref1 Rd2+ 33. R1f2 Rxf2+ 34. Rxf2 Bd7 35. Nh6 Kg5 36. Nxf5 Bxf5 37. Bf3 Rh8 38. Bg2 b6 39. Kg3 Rd8 40. h4+ Kg6 41. Kf4 Be6 42. a3 Bc4 43. Ke5 b5 44. Bf3 Kh6 45. Rg2 Rd6 46. h5 Re6+ 47. Kd4 Rf6 48. Be2 Rc6 49. Bxc4 Rxc4+ 50. Kd5 Kxh5 51. Ke6 Re4+ 52. Kd5 Re3 53. Kc5 Re5+ 54. Kb6 b4 55. axb4 axb4 56. Kc6 Kh4 57. Rd2 Kg3 58. Rd4 Re2 59. Rxb4 e5 60. Kd5 Kf3 61. Rb8 e4 62. Rf8+ Ke3 63. b4 Rb2 64. Kc5 Rc2+ 65. Kd5 Kd3 66. b5 e3 67. Re8 Rb2 68. Kc6 Rb4 69. b6 Rc4+ 70. Kd6 1/2-1/2